Spanish La Liga Clubs by Badge - Statistics

General Stats
  • This quiz has been taken 1,988 times
    172 since last reset
  • The average score is 17 of 20
Answer Stats
Picture Answer % Correct
Real Madrid
98%
Getafe
94%
Villarreal
94%
Barcelona
93%
Real Betis
92%
Real Sociedad
92%
Atlético Madrid
91%
Valencia
91%
Celta Vigo
90%
Espanyol
90%
Athletic Bilbao
89%
Girona
89%
Sevilla
89%
Levante
85%
Alavés
84%
Osasuna
84%
Mallorca
81%
Rayo Vallecano
80%
Elche
73%
Oviedo
67%
No matching quizzes found
Score Distribution
Percent of People with Each Score
Percentile by Number Answered
Your Score History
You have not taken this quiz since the last reset